Major U.S. City By Suburb - Statistics

General Stats
  • This quiz has been taken 157 times
  • The average score is 13 of 15
Answer Stats
Suburbs Metropolitan % Correct
Long Beach, Anaheim, Santa Monica Los Angeles
98%
Palo Alto, Berkeley, Daly City San Francisco
98%
Mesa, Glendale, Tempe Phoenix
95%
Cambridge, Quincy, Nashua Boston
93%
Aurora, Elgin, Joliet Chicago
93%
Arlington, Alexandria, Silver Spring Washington D.C.
91%
Mesquite, Grand Prairie, Arlington Dallas/Fort Worth
90%
Arvada, Aurora, Lakewood Denver
89%
Bellevue, Everett, Kent Seattle
86%
Miramar, Hialeah, Hollywood Miami
85%
Overland Park, Independence, Olathe Kansas City
81%
Sandy Springs, Alpharetta, Smyrna Atlanta
76%
The Woodlands, Sugar Land, Conroe Houston
76%
Muncie, Carmel, Fishers Indianapolis
73%
Concord, Gastonia, Matthews Charlotte
55%
No matching quizzes found
Score Distribution
Percent of People with Each Score
Percentile by Number Answered
Your Score History
You have not taken this quiz